Saunders pharmaceutical word book 2007

Written by transcriptionists for transcriptionists, this quick, easy-to-use reference provides correct spelling and capitalization of drugs, gives their designated use, and usual methods of administration. In addition, it offers cross-references between brand names and generic drugs and includes oth...

Szczegółowa specyfikacja

Zapisane w:
Opis bibliograficzny
1. autor: Drake, Ellen
Format: Książka
Język:Undetermined
Wydane: Philadelphia.PA W.B. Saunders Co. 2007
Hasła przedmiotowe:
Etykiety: Dodaj etykietę
Nie ma etykietki, Dołącz pierwszą etykiete!
Thư viện lưu trữ: Trung tâm Học liệu Trường Đại học Cần Thơ
LEADER 01174nam a2200205Ia 4500
001 CTU_158104
008 210402s9999 xx 000 0 und d
020 |c 2.86 
082 |a 615.1014 
082 |b D762 
100 |a Drake, Ellen 
245 0 |a Saunders pharmaceutical word book 2007 
245 0 |c Ellen Drake, Randy Drake 
260 |a Philadelphia.PA 
260 |b W.B. Saunders Co. 
260 |c 2007 
520 |a Written by transcriptionists for transcriptionists, this quick, easy-to-use reference provides correct spelling and capitalization of drugs, gives their designated use, and usual methods of administration. In addition, it offers cross-references between brand names and generic drugs and includes other "consumable" products, such as in vitro testing kits, radiographic contrast and imaging agents, and wound dressings. Overall, this book features 200 drug classes in the main list with a brief description of the therapeutic use and/or method of action common to drugs in the class. 
650 |a Drugs,Pharmaceutical Preparations,Thuốc,Chế phẩm dược 
904 |i Năm 
980 |a Trung tâm Học liệu Trường Đại học Cần Thơ